Budúci manažéri z vyspelých krajín chcú motivujúcu kariéru bez toho, aby sa upracovali na smrť

Prieskum medzi študentami ekonomických odborov prestížnych univerzít vo vyspelých krajinách sveta. Názory študentov na ich budúcu kariéru - dosiahnutie vyrovnaného životného štýlu, dobré finančné ohodnotenie, uprednostňovanie medzinárodnej kariéry, osobný rozvoj a rast, viera vo väčší vplyv podnikat...

ver descrição completa

Na minha lista:
Detalhes bibliográficos
Formato: Capítulo de Livro
Idioma:eslovaco
Assuntos:
Tags: Adicionar Tag
Sem tags, seja o primeiro a adicionar uma tag!

MARC

LEADER 00000naa a2200000 4500
001 r025941
005 20230921080435.5
041 0 |a slo 
044 |a SK 
245 1 0 |a Budúci manažéri z vyspelých krajín chcú motivujúcu kariéru bez toho, aby sa upracovali na smrť 
520 |a Prieskum medzi študentami ekonomických odborov prestížnych univerzít vo vyspelých krajinách sveta. Názory študentov na ich budúcu kariéru - dosiahnutie vyrovnaného životného štýlu, dobré finančné ohodnotenie, uprednostňovanie medzinárodnej kariéry, osobný rozvoj a rast, viera vo väčší vplyv podnikateľov ako politikov na budúci vývoj. 
610 2 0 |a študenti 
610 2 0 |a ekonómia 
610 2 0 |a manažéri 
610 2 0 |a voľba povolania 
610 2 0 |a kariéra 
610 2 0 |a mzdy 
610 2 0 |a rozvoj pracovníkov 
610 2 0 |a podnikatelia 
610 2 0 |a krajiny vyspelé